000 01241naa a22003377a 4500
001 BR9210850
003 BR-BrBNA
005 20250721155419.0
007 ta
008 250630b bl.|||m| |||| 00| 0 por d
040 _aBR-BrBNA
_bpor
_cBiblioteca Nacional de Agricultura
041 _a(Pt)
072 _aF30
_b2121
_bG514
090 _aF30 BR9210850
100 1 _aEscobar, J.R.
100 1 _aCorrea, M.P.F.
100 1 _aMotta, A.S.
111 1 _a1. Simposio do Tropico Umido
_cBelem, PA (Brazil)
_d12-17 Nov 1984
245 1 _aSelecao de clones de guarana (Paullinia cupana var. sorbilis (Mart.)Ducke)baseada em vigor e adaptacao ao campo
500 _aAnais do 1. Simposio do Tropico Umido Brasilia, DF (Brasil): 1986. p. 295-303 [9 tables; 11 ref.; Summaries (En, Pt)] (BR9210850-AMS)
773 0 _tAnais do 1. Simposio do Tropico Umido
_b
_wF30 BR9210850
_gBrasilia, DF (Brasil), 1986. p. 295-303
650 _aGUARANA
650 _aCLONE
650 _aSELECAO
650 _aTESTE DE VIGOR
650 _aREPRODUCAO VEGETAL
650 _aREGIAO AMAZONICA
490 _aDocumentos - Centro de Pesquisa Agropecuaria do Tropico Umido (Brazil)
_vno. 36
942 _cAMS
_2AGRIS
909 _a202506
_bLúcia
_c55
_dLúcia Elande
999 _c336359
_d336359